Song Title Ditloids #1 - Statistics

General Stats
  • This quiz has been taken 66 times
  • The average score is 8 of 16
Answer Stats
Ditloid Song Title Artist % Correct
8 D a W Eight Days a Week Beatles
85%
3 T a L Three Times a Lady Commodores
85%
S of 69 Summer of 69 Bryan Adams
78%
99 R B 99 Red Balloons Nena
76%
50 W to L Y L 50 Ways to Leave your lover Paul Simon
71%
24 H from T 24 Hours from Tulsa Gene Pitney
58%
7 S of R Seven Seas of Rhye Queen
58%
3 L B Three Little Birds Bob Marley
58%
S L 16 Sweet Little Sixteen Chuck Berry
47%
I T Y 2525 In the Year 2525 Zager and Evans
45%
I C my E and C to 10 I Close My Eyes and Count to 10 Dusty Springfield
44%
I G B (500 M) I'm Gonna Be (500 Miles) Proclaimers
31%
19th N B 19th Nervous Breakdown Rolling Stones
25%
H 61 R Highway 61 Revisited Bob Dylan
24%
1 M B One Man Band Leo Sayer
11%
18 W a B Eighteen With a Bullet Pete Wingfield
5%
No matching quizzes found
Score Distribution
Percent of People with Each Score
Percentile by Number Answered
Your Score History
You have not taken this quiz